• 首页
  • 本馆介绍
  • 公告通知
  • 最新文献
  • 馆藏检索
  • 电子资源
  • 读者导购
  • 参考咨询
  • 我的图书馆
  • 登录
  • 详细信息显示
  • 放入我的书架
  • 预约/预借图书
  • 作者相关作品
  • 分类相关作品
  • 丛书相关作品
  • 出版社相关作品

书目信息

  • 表格格式
  • 工作单格式
  • 卡片格式
题名:
副词介词连词
    
 
作者: 郭翼舟
分册:  
出版信息: 上海   上海教育出版社  1984
页数: 105页
开本: 20cm
丛书名:
单 册:
中图分类: H042
科图分类:
主题词: 语法学
电子资源:
ISBN:
000 00472nam0 2200181 450
001 0728815141
005 20070819080015.14
010    @d¥0.30
100    @a20070819d km y0chiy0120 ea
101 0  @achi
200 1  @a副词介词连词@Afu ci jie ci lian ci@f郭翼舟@Fguo yi zhou
210    @a上海@c上海教育出版社@d1984
215    @a105页@d20cm
606 0  @a语法学
690    @aH042@v3
701  0 @a郭翼舟@Aguo yi zhou
801  0 @aCN@bPFT@c20070819
905    @a213230@dH042@eZW4@f1
    
    副词介词连词/郭翼舟.-上海:上海教育出版社,1984
    105页;20cm
    
    
    ISBN :¥0.30
    
●
相关链接 在E读中查询图书 在五车中查询图书 在当当中查询图书 在豆瓣中查询图书


正题名:副词介词连词     索取号:H042/ZW4         预约/预借

序号 登录号 条形码 馆藏地/架位号 状态 备注
1 7644947   276149473   密集书库-文学院/ [索取号:H042/ZW4] 在馆    
唐山师范学院图书馆 欢迎您!
大连网信软件有限公司© 版权所有